Largest European Islands - Statistics

General Stats
  • This quiz has been taken 21 times
  • The average score is 14 of 30
Answer Stats
Country Answer % Correct
France Corsica
100%
United Kingdom Great Britain
100%
Republic of Ireland, United Kingdom Ireland
100%
Greece Crete
95%
Iceland Iceland
95%
Italy Sardinia
95%
Italy Sicily
90%
Denmark Zealand
86%
Spain Mallorca
81%
Sweden Gotland
67%
Greece Lesbos
62%
United Kingdom Skye
62%
Norway Spitsbergen
57%
Greece Euboea
52%
Estonia Saaremaa
43%
Russia Severny
43%
Denmark Fyn
38%
Russia Yuzhny
29%
Norway Nordaustlandet
24%
United Kingdom Lewis and Harris
14%
Norway Edgeøya
10%
Norway Hinnøya
10%
Denmark Vendsyssel-Thy
10%
Russia Kolguyev
5%
Norway Senja
5%
Finland Soisalo
0%
Russia Vaygach
0%
Russia Wilczek Land
0%
Russi Zemyla Georga
0%
Slovakia Žitný ostrov
0%
No matching quizzes found
Score Distribution
Percent of People with Each Score
Percentile by Number Answered
Your Score History
You have not taken this quiz